Jornada Barris i comunitats: impulsant la transformació sociourbana des dels barris : 9 de febrer de 2023 : Espai Francesca Bonnemaison 9 de febrer de 2023 : Espai Francesca Bonnemaison
MARC
| LEADER | 00000nam a22000007a 4500 | ||
|---|---|---|---|
| 001 | 28432 | ||
| 003 | AGDB | ||
| 005 | 20260324181522.0 | ||
| 008 | 240311b spa||||| |||| 00| 0 cat d | ||
| 017 | |a B 3758-2023 | ||
| 040 | |a agdb |b cat | ||
| 245 | |a Jornada Barris i comunitats: impulsant la transformació sociourbana des dels barris : |b 9 de febrer de 2023 : Espai Francesca Bonnemaison | ||
| 260 | |a Barcelona : |b Diputació de Barcelona ; |c 2023 | ||
| 300 | |a 1 full DIN-A 4 ; |b il·lustrat color ; |c 21 x 30 cm | ||
| 490 | |a Projectes transformadors. Les persones | ||
| 650 | 0 | |a Desigualtat social |9 69061 |v Congressos | |
| 650 | 0 | |a Política urbana |v Congressos |9 53543 | |
| 650 | 0 | |a Barris |2 Arxiu |v Congressos |9 45803 | |
| 651 | 0 | |a Barcelona (Catalunya : Província) |x Política social |x Congressos |9 70603 | |
| 655 | 0 | |a Fulletons |9 55858 | |
| 710 | |a Barcelona (Catalunya : Província). |b Àrea d'Igualtat i Sostenibilitat Social |9 55833 | ||
| 942 | |c ARXIU |2 udc |n 1 | ||
| 952 | |0 0 |1 0 |4 0 |6 FU7680 |7 1 |9 96840 |a Arxiu |b Arxiu |d 2024-03-11 |l 0 |o FU-76-80 |p 28432 |r 2024-03-11 00:00:00 |w 2024-03-11 |y ARXIU | ||
| 999 | |c 128677 |d 128677 | ||